| 000 | 00696 a2200241 4500 | ||
|---|---|---|---|
| 003 | OSt | ||
| 005 | 20180116182648.0 | ||
| 008 | 160615b xxu||||| |||| 00| 0 eng d | ||
| 020 | _a813070613X | ||
| 024 | _a9798130706138 | ||
| 040 | _c0 | ||
| 082 | _a347.73 WAR 2007 | ||
| 100 | _aCharles Warren | ||
| 245 |
_aThe Supreme Court in The United States History _cCharles Warren |
||
| 250 | _aRevised Edition in Two Vol | ||
| 260 |
_aNew Delhi _bCosmo Publications _c2007 |
||
| 300 |
_a814 p. _bpb. |
||
| 440 | _aThe Supreme Court in The United States History | ||
| 500 | _aPaper Cover | ||
| 600 | _aWarren, Charles | ||
| 700 | _aWarren, Charles | ||
| 942 |
_aNBS _cBK _k347.73 WAR 2007 _2ddc |
||
| 999 |
_c343592 _d343592 |
||